000 00285nam a22001337a 4500
008 171227b xxu||||| |||| 00| 0 eng d
020 _a9780132454469
041 _aeng
080 _a004
100 _a30
101 _aSHK
245 _aGO OFFICE 2010
_cFERRETT.G
942 _2udc
_cBK
999 _c39462
_d39462